| 000 | 00541nam a2200205 a 4500 | ||
|---|---|---|---|
| 003 | BD-RjUL | ||
| 005 | 20240117115404.0 | ||
| 008 | 160725s1859 nyu 000 0 eng d | ||
| 035 | _a(BD-RjUL) | ||
| 040 |
_aHAI _beng _cBD-RjUL |
||
| 041 | 0 | _aeng | |
| 082 |
_a823 _bDIT 1859 |
||
| 100 | 1 |
_aDickens, Charles, _d1812-1870 |
|
| 245 | 1 | 2 | _aA Tale of two cities. |
| 260 |
_aLondon: _bP. R. Gawthorn Ltd, _c[1859]. |
||
| 300 |
_aix, 374 p. : _bplates ; _c18 cm. |
||
| 490 | 1 | _aThe Russell Classics ; | |
| 651 | _2Literature | ||
| 942 |
_2ddc _cBK |
||
| 999 |
_c82657 _d82657 |
||